000 00851nam a22001577a 4500
003 OSt
005 20151112103740.0
008 151112b xxu||||| |||| 00| 0 eng d
040 _cRUA
082 _aFOR KIM 2004 B130 Or.1
100 _93589
_aKIM, MAKARA.
245 _acomparison of the role of men and women in community based natural resources management between kohkos and tipou communes, santuk district kompong thom province (ការប្រៀបធៀបតួនាទីបុរស និង ស្ត្រីនោក្នុងសហគមន៍គ្រប់គ្រងធនធានធម្មជាតិ ឃុំកកោះ និង ឃុំទីពោរ ស្រុកសន្ទុក ខេត្តកំពង់ធំ)
260 _aPhnom Penh
_bRUA
_c2004
300 _aix, 46p.
_bill.
_c29cm.
942 _2ddc
_cFOR
999 _c3342
_d3342